|
|
|
|
| LEADER |
00000nab a2200000 a 4500 |
| 001 |
vtls000737072 |
| 003 |
SK-MaSNL |
| 005 |
20260304142451.0 |
| 008 |
250505c2000 xo 0 slo |
| 015 |
|
|
|a SNBRB2000/11-27022
|
| 035 |
|
|
|a CLN000088939
|
| 035 |
|
|
|a urn:nbn:sk:snk-abbttu
|
| 035 |
|
|
|a (urnnbn)urn:nbn:sk:snk:ar-0046jg
|
| 035 |
|
|
|a (uuid)78bba566-3739-4d3c-9775-cc8dec5efb26
|
| 040 |
|
|
|a SNKBUCL
|b slo
|c SNKBUCL
|e AACR2
|
| 041 |
0 |
|
|a slo
|
| 044 |
|
|
|a xo
|c SK
|
| 080 |
|
|
|a 82.09:820 (73)-3(048)
|2 1997
|
| 080 |
|
|
|a 820 (73)-3(048)
|2 1997
|
| 100 |
1 |
|
|a Ruttkayová, Ivica,
|d 1963-
|4 aut
|9 192963
|
| 245 |
1 |
0 |
|a Richard Bach: Ilúzie alebo príbeh váhavého mesiáša
|c Ivica Ruttkayová
|
| 650 |
0 |
7 |
|a novely filozofické americké
|x recenzie
|2 snkbucl
|9 908380
|
| 655 |
|
7 |
|a články z novín a časopisov
|2 snkbucl
|9 267496
|
| 773 |
0 |
|
|t Revue svetovej literatúry
|g Roč. 36, č. 2 (2000), s. 179-180
|x 0231-6269
|
| 787 |
0 |
8 |
|i Rec.:
|a Bach, Richard
|t Ilúzie, alebo, Príbeh váhavého mesiáša
|d Bratislava : Vydavateľstvo Spolku slovenských spisovateľov, 1999
|z 8080610770
|
| 850 |
|
|
|a Slovenská národná knižnica
|
| 852 |
|
|
|a Slovenská národná knižnica
|
| 958 |
|
|
|a article15
|
| 958 |
|
|
|a LX
|
| 958 |
|
|
|a US
|
| 958 |
|
|
|a RC
|
| 958 |
|
|
|a OND
|
| 958 |
|
|
|a EUIPO
|
| 992 |
|
|
|a RBX
|
| 999 |
|
|
|c 2921521
|d 2923451
|